00587nam a2200181Ia 450000500170000000800410001702000180005804100120007608200160008810000140010424501820011825000120030026000290031230000210034165000170036265000090037965000170038820260429112254.0260429s9999||||xx |||||||||||||| ||und|| a9789004689411 aEnglish a341.44bLIU aLiu, Yang 0aInternational watercourses law and multilateral environmental agreements : ba case for the integrated protection and preservation of shared inland water ecosystems / cYang Liu a1st ed. aLeiden : bBrill,c2024. axiii, 611 p.; hb a Environment a Law aWatercourses